000 00585nam a22001217a 4500
040 _cRUA
082 _aDVM SAM 2025 B707 Or.1
100 _aSAM SREYLOENG, សំ ស្រីឡឹង
245 _aCase lower urinary tract on cat in animal clinic at preahanouk province, ករណីបញ្ហាតម្រងនោមផ្នែកខាងក្រោមរបស់ពិឡារ នៅគ្លីនិកសត្វក្នុងខេត្តព្រះសីហនុ​​​​
260 _aPHNOM PENH
_bRUA
_c2025
300 _aXI,54P.
_bILL.
_c29CM.
942 _cNRM
999 _c25693
_d25693